| 000 | 00713nam a2200217 a 4500 | ||
|---|---|---|---|
| 001 | 45584 | ||
| 003 | BD-RjUL | ||
| 005 | 20211209054034.0 | ||
| 008 | 270716m19551954txu b 001 0 eng | ||
| 035 | _a(BD-RjUL)45702 | ||
| 040 |
_aDLC _cOTifH _dOCoLC _dDLC _dBD-RjUL _beng |
||
| 041 | _aeng | ||
| 082 |
_a340.1 _223 _bNAT 1955 |
||
| 245 | 1 | 0 |
_aNatural law and natural rights / _cAlbert C. Outler [and others] Edited with an introd. |
| 260 |
_aDallas, _bSouthern Methodist University Press, _c1955. |
||
| 300 |
_aix, 99 p. ; _c23 cm. |
||
| 410 | 2 | 0 |
_aSouthern Methodist University. _tStudies in jurisprudence, _v2 |
| 650 | 0 |
_aNatural law. _9128404 |
|
| 700 | 1 |
_aOutler, Albert Cook, _d1908- _9139549 |
|
| 942 |
_2ddc _cBK |
||
| 999 |
_c45584 _d45584 |
||